読売ジャイアンツOB応援歌クイズ投手編 - Statistics

General Stats
  • This quiz has been taken 22 times
  • The average score is 15 of 60
Answer Stats
歌詞 Answer % Correct
サンサンサササンサインはV Vは勝利だビクトリーエースナンバーよく似合う (選手名)(選手名)(選手名) 桑田真澄
85%
熱き体の 血潮燃やし男だ(選手名) 一球入魂 上原浩治
70%
豪快な若武者の マウンド姿まぶしいぜ(選手名)バッターを 捻り伏せろ倒せ 槙原寛己
70%
揺るがぬ想いその腕に 魂込めたストレート勝利へ続く道 進め(選手名) 菅野智之
60%
吹き荒らせよ 神の風この場に鉄人(選手名) 旋風巻き起こせ 山口鉄也
60%
鉄の右腕が唸り上げ 打者をなぎ倒すその名世代に轟かす 王者(選手名)投げ抜け 澤村拓一
55%
静かにされど熱く 胸に秘めた想いよマウンドの華となり 鮮やかに咲き誇れ 杉内俊哉
55%
恵まれた力 輝いた日から(選手名)!(選手名)! さあ走り出せ 内海哲也
55%
高くそびえ立つ 頂のようにOh!ビッグな夢ビッグな愛で Go!(選手名) グライシンガー
50%
左腕エース目指して 群がる敵をなで切りみんなで掴めビクトリー 魂込めて(選手名) 高橋尚成
50%
マウンド踏みしめて 闘志を球に込めて豪腕(選手名)! 打ち取れ 山口俊
40%
夢、球に乗せ まばゆい笑顔琉球の星ちばりよ キラめけ(選手名) 宮國椋丞
40%
その手から 息吹くドロップカーブ投げ刻め(選手名) 気合い響かせて 東野峻
40%
届け我らのエール 信じて一球入魂駆け上がれこのスターダム (選手名)勝ち抜け 高橋優貴
35%
黄金左腕がうなる 強打者封じろ(選手名)強気の勝負で 頼んだぞ(選手名) 工藤公康
35%
ヤンヤンヤングマンそれ行けヤングマン パワフル全開(選手名)若さは一番マスクは二番 三振とれとれ(選手名) 斎藤雅樹
35%
一球入魂 血潮が騒ぐされど野球の 巨人の星だ(選手名) 江川卓
35%
勝利を重ね歴史を刻め つかめ今日の星熱いぜ(選手名)世に名を馳せて 行こうぜどこまでも 畠世周
30%
大きな志 胸に抱き決めろ意のままに 見せつけろ(選手名) 岩隈久志
30%
夢乗せた一球で お前の力見せてやれ勝負だ攻め込め(選手名) 誰も打てぬ球を繰り出せ 西村健太朗
30%
カリブの海賊 (選手名)登場ゆくぞ船の速度を あげてゆくぞ(選手名) ガルベス
30%
寛大な立ち姿 気迫に満ちた心勝ち星握るその手で 夢つかめ 大竹寛
25%
火を噴くストレート 我らを熱くする君がエースだ (選手名) 野間口貴彦
25%
みんなの想いを 力に変えて七色の夢掴み取れ 魅せろ快投(選手名) 久保裕也
25%
努力と希望の道 忘れず進め想い胸にここから 切り拓け 鍬原拓也
20%
鍛え上げた剛腕 力を込めたストレート三振を奪い取れ 決めろ(選手名) 桜井俊貴
20%
投げまくれ足を大地に マウンドを守り抜け男一匹生きてゆけ (選手名)よ勝利目指して 木田優夫
20%
ドンと行け(選手名) 勝負度胸抜群だ落ちるカーブで勝ちパターン ドンと行け(選手名) 宮本和知
20%
行けよシュート豪快に なぎ倒せ(選手名)ガッツポーズ似合うやつ 男だぜ(選手名) 西本聖
20%
勝利を掴め 技を磨き上げ巨人の誇り 胸に立ち向かえ 野上亮磨
15%
ファイトだいざゆけ クロスファイヤー強気の勝負で レッツゴー(選手名) ポレダ
15%
我らの旗に集いし 救世主となれ大きなカーブ見せろ (選手名)はばたけよ 朝井秀樹
15%
唸り上げる左腕 迷うものは何もない(選手名)強き心 多彩に投げきれ 藤井秀悟
15%
勇ましくとどめ刺せ お前が巨人の星になれ行けよ(選手名)みせろ 真っ向勝負(選手名) 入来祐作
15%
リーグ1のサウスポー 凄い切れ味変化球プレーが映えるマウンドの花 行くぞ(選手名) 川口和久
15%
メガトンマグマの 炸裂打線をどどんとなで切り 男(選手名)頼むぞ 河野博文
15%
宇宙を駆ける豹になれよ 男だ行け(選手名)狙い球に爪を立てて 築け三振の山を 門奈哲寛
15%
怖さ知らずの 無敵だぜキンタロウとても胸がときめくよ 気迫で投げろ 水野雄仁
15%
黄金色に光る 勝利への描片を強く今握りしめ 時代を切り拓け 金刃憲人
10%
己を信じて投げろ 力の限りに(選手名)(選手名)(選手名) 唸れ左腕見せろ 林昌範
10%
出番だ今こそ力の見せどころ 抑えろ(選手名)任せたその腕で 勝利を掴むんだ 條辺剛
10%
マウンド立つ姿 輝いて勝利掴め行け (選手名) 三浦貴
10%
熱い想いをその手に託し 闘え(選手名)気合を込めて投げ抜く闘志 勝利を目指して 岡島秀樹
10%
灼けるマウンドサウスポー ボールを見せないアウトロー振れないバットインサイド バッターくさらす(選手名) 吉田修司
10%
ヒゲの(選手名)ノッポの(選手名) 輝け燃えろいつまでもコーナーつけつけ ずんと突け(選手名) 高橋直樹
10%
さりげない顔して (選手名)が立つベテランの味出して ピシャリと押さえろ 金城基泰
10%
魂込めて 度胸で投げろ我慢も負けぬ粘りも負けぬ (選手名)(選手名) 香田勲男
10%
(選手名)(選手名) スクリューボール見せろよ(選手名)(選手名) 星の国のマジシャン カムストック
10%
大空にスパイク光りゃ 気迫の火の玉ぶん投げる燃えている (選手名)仁王立ち 定岡正二
10%
この大地に 力を蓄えふりそそぐ光浴びて 大輪咲かせ(選手名) 姜建銘
5%
投げろ決めろ 抑えろ(選手名)直球速球 剛球(選手名) パウエル
5%
魅せる腕魅せる顔 魅せる勝利めざし投げ進めいざ進め 行けよ(選手名) 佐藤宏志
5%
大空羽ばたく オレンジの翼真っすぐ真っすぐ 投げ込め(選手名) 木佐貫洋
5%
君は熱き勝利の女神 君は熱き希望の星よ風に光れ輝け(選手名) 行くぞスパークだ 趙成珉
5%
獲物を追え逃がすな斬れ (選手名)(選手名)頼むぞ戦う戦士九人の仲間 きらめく(選手名) 橋本清
5%
ゆけよガッツだゆけよガッツだ 男(選手名)頼むぞ孤独に耐えそれゆけゆけ 三振の山 阿波野秀幸
5%
君は君は竜巻 暴れろキリキリ舞いだ撃ち取れ速球で クリーンナップ 石毛博史
5%
柄に似合わぬ土根性 甘い笑顔となめるな凄い切れ味手こずる曲球 (選手名)よ投げまくれ 鹿取義隆
5%
多彩なボールを操り 相手を惑わせ打ち取れマウンドを 守り抜け バニスター
0%
左腕がしなる 行けよ(選手名)行けよ(選手名)汗をちぎって ぶん投げろ豪快に 橋本敬司
0%
No matching quizzes found
Score Distribution
Percent of People with Each Score
Percentile by Number Answered
Your Score History
You have not taken this quiz